000 01445nam a2200241 a 4500
008 190715s2016 ||||||||||||||||| || u
020 _a9788122440515
050 _aTA 683.2 Bha
100 _aBhavikatti, S. S
245 1 0 _aDesign of RCC structural elements (RCC volume-1) (2nd edition)
_cBy S.S. Bhavikatti
250 _a2nd edition
260 _aNew Delhi
_bNew Age International (P) Limited, Publishers
_c2016
260 _aNew Delhi
_bNew Age International Limited
_c2016
300 _aix, 257 pages : illustrations
350 _a34.00
650 0 _aREINFORCED CONCRETE CONSTRUCTION
650 0 _aREINFORCED CONCRETE
995 _aMAIN LIBRARY OPEN ACCESS
_e749431
_FCBU-MAIN LIBRARY (Kitwe)
_I34.00
_jTA 683.2 Bha
_M1
_UAVAILABLE
_WJul 17, 2019
_y749431
_ZMain Library Open Access Collection
995 _aMAIN LIBRARY OPEN ACCESS
_e749433
_FCBU-MAIN LIBRARY (Kitwe)
_I34.00
_jTA 683.2 Bha
_M3
_UAVAILABLE
_WJul 17, 2019
_y749433
_ZMain Library Open Access Collection
995 _aSHORT LOAN BOOKS
_e750064
_FCBU-MAIN LIBRARY (Kitwe)
_I34.00
_jTA 683.2 Bha
_M5
_UAVAILABLE
_WNov 27, 2019
_y750064
_ZShort Loan Collection
995 _aMAIN LIBRARY OPEN ACCESS
_e749432
_FCBU-MAIN LIBRARY (Kitwe)
_I34.00
_jTA 683.2 Bha
_M2
_UAVAILABLE
_WJul 17, 2019
_y749432
_ZMain Library Open Access Collection
995 _aMAIN LIBRARY OPEN ACCESS
_e749434
_FCBU-MAIN LIBRARY (Kitwe)
_I34.00
_jTA 683.2 Bha
_M4
_UAVAILABLE
_WJul 17, 2019
_y749434
_ZMain Library Open Access Collection
999 _c63450
_d63450